000 00808nam a22002417a 4500
999 _c597
_d597
003 AR-CdUCM
008 190225b ||||| |||| 00| 0 sp d
020 _a8472326152
040 _aMUNICIPALIDAD PROVINCIAL DEL CUSCO
_cBIBLIOTECA MUNICIPAL DEL CUSCO
082 _a082 /
_bG216
100 _aGarcia Ramos, Juan Manuel
_92327
245 _aManuel Puig /
260 _aMadrid :
_bCultura Hispanica,
_c1991.
300 _a133 paginas ;
_c28 cm.
440 _aEdiciones de Cultura Hispánica Semana de Autor
_92281
505 _aPrologo -- Transcripciones de las sesiones -- Bibliografia...
650 _aContextos literarios
_92328
650 _aÉpoca comtenporanea
_92329
650 _aPoesía y lenguaje
_92330
650 _aAutores literarios
_92331
942 _2ddc
_cLIBROS
945 _awnts
_d2019-02-25